00663nam a2200205Ia 4500003000400000005001700004008004100021020001900062040000700081041000800088082001600096100002600112245007100138260004800209300000900257650002500266942001300291999001900304952013400323OSt20250804094646.0250729s2005 xx 000 0 und d a978-8171413768 cAL aeng a370.78 DEVH aDevi T Klyani9220818 aHome and school environment: their influence on perceptual styles  aNew DelhibDiscovery Publishing Housec2005 a115p aEnviournment9220819 2ddccBED c234743d234743 001040708BEDaALbALd2025-07-29eSita Book Houseg65.00l0o370.78 DEVHpBED00062r2025-07-29 16:53:25v65.00w2025-07-29yBK